00640nam a2200181Ia 4500003000500000005001700005008004100022020003200063040001400095082001500109100003200124245008200156260004200238300002300280942003400303999001900337952010200356322820241120131837.0210817s9999 xx ed 000 1 AFR d a0795925166qHardcover (hbk) aRDAc3228 aLP AF VANS avan Schalkwyk, Nickey98692 0aOm te wag as dit sneeu cNickey van Schalkwyk: Omslagontwerp: Alida Carpenter aPretoriabDaan Retief Uitgewersc1992 a267 Pages;c21 cm. cBK2ddcy245zIzakina Blanche c192008d192008 00102ddc4070aMIDDLbJERELd2021-08-18oLP AF VANSp33228018080414r2021-08-18w2021-08-18yBK